[Event "Titled Tuesday intern op 16th Apr Late"]
[Site "Chess.com INT"]
[Date "2024.04.16"]
[Round "11"]
[White "Jakubowski, Krzysztof"]
[Black "Shapiro, Viktor"]
[Result "0-1"]
[WhiteElo "2462"]
[BlackElo "2113"]
[PlyCount "66"]
[EventDate "2024.04.16"]
[EventType "swiss (blitz)"]
[EventRounds "11"]
[EventCountry "USA"]
[SourceTitle "CB17_2024"]
[SourceDate "2024.04.24"]
[SourceVersion "1"]
[SourceVersionDate "2024.04.24"]
[SourceQuality "1"]

1. e4 Nf6 2. e5 Nd5 3. c4 Nb6 4. d4 d6 5. exd6 cxd6 6. Nc3 g6 7. Be3 Bg7 8. Rc1 0-0 9. b3 f5 10. f4 e5 11. dxe5 dxe5 12. Qxd8 Rxd8 13. c5 exf4 14. Bxf4 Bxc3+ 15. Rxc3 Nd5 16. Bc4 Be6 17. Rd3 Nc6 18. Bd6 Re8 19. Ne2 Ndb4 20. Bxe6+ Rxe6 21. Rd2 Rae8 22. Kf2 Nd3+ 23. Rxd3 Rxe2+ 24. Kg3 Rxa2 25. h4 Re4 26. Kh3 Nd4 27. Rhd1 Ne2 28. g3 f4 29. Bc7 fxg3 30. Rd7 g2 31. Bh2 Re3+ 32. Kg4 g1Q+ 33. Bxg1 Rg3# 0-1

[Event "Titled Tuesday intern op 16th Apr Early"]
[Site "Chess.com INT"]
[Date "2024.04.16"]
[Round "10"]
[White "Kopylov, Daniel"]
[Black "Jakubowski, Krzysztof"]
[Result "0-1"]
[WhiteElo "2355"]
[BlackElo "2462"]
[PlyCount "90"]
[EventDate "2024.04.16"]
[EventType "swiss (blitz)"]
[EventRounds "11"]
[EventCountry "USA"]
[SourceTitle "CB17_2024"]
[SourceDate "2024.04.24"]
[SourceVersion "1"]
[SourceVersionDate "2024.04.24"]
[SourceQuality "1"]

1. e4 g6 2. d4 Bg7 3. Nc3 d6 4. Be3 a6 5. Qd2 b5 6. Nf3 Nd7 7. Bd3 c5 8. dxc5 dxc5 9. 0-0 Bb7 10. Rfe1 Qc7 11. a4 b4 12. Nd5 Bxd5 13. exd5 Bxb2 14. Bf4 Qb7 15. d6 Bxa1 16. Rxa1 e6 17. Ne5 Ngf6 18. Re1 Qd5 19. Qe2 0-0 20. Nxd7 Nxd7 21. Be4 Qd4 22. Rd1 Qf6 23. Bxa8 Rxa8 24. Qe4 Rd8 25. g3 Kf8 26. Qb7 g5 27. Be3 Ke8 28. Qxa6 h5 29. Qb7 Rb8 30. Qc6 g4 31. a5 Qf3 32. Qxf3 gxf3 33. a6 Ra8 34. Ra1 c4 35. a7 Ne5 36. Ra6 Kd7 37. Kf1 Nc6 38. Ke1 Kxd6 39. Kd2 e5 40. Rb6 f5 41. Rb7 f4 42. gxf4 exf4 43. Bxf4+ Kd5 44. Be3 c3+ 45. Kd3 Ne5# 0-1

[Event "Titled Tuesday intern op 02nd Apr Early"]
[Site "Chess.com INT"]
[Date "2024.04.02"]
[Round "10"]
[White "Demchenko, Anton"]
[Black "Jakubowski, Krzysztof"]
[Result "1-0"]
[WhiteElo "2609"]
[BlackElo "2462"]
[PlyCount "85"]
[EventDate "2024.04.02"]
[EventType "swiss (blitz)"]
[EventRounds "11"]
[EventCountry "USA"]
[SourceTitle "CB15_2024"]
[SourceDate "2024.04.10"]
[SourceVersion "1"]
[SourceVersionDate "2024.04.10"]
[SourceQuality "1"]

1. e4 c6 2. d4 d5 3. e5 Bf5 4. Bd3 Bxd3 5. Qxd3 e6 6. c3 Ne7 7. Ne2 a5 8. 0-0 a4 9. Na3 Nd7 10. Bd2 b5 11. Nc2 Nf5 12. Ne3 Nh4 13. Kh1 g6 14. b3 Be7 15. Nf4 Bg5 16. Nh3 Be7 17. Rab1 axb3 18. axb3 0-0 19. g3 Nf5 20. Nxf5 exf5 21. e6 fxe6 22. Qe2 e5 23. dxe5 Nc5 24. Bh6 Re8 25. f3 Ra3 26. Qc2 Qa8 27. Nf2 Rd8 28. Bc1 Ra2 29. Rb2 Rxb2 30. Bxb2 Ne6 31. b4 c5 32. bxc5 Bxc5 33. Nd3 Qc6 34. Kg2 Rc8 35. Qb3 Bf8 36. Ra1 h5 37. h4 Bg7 38. Nb4 Qe8 39. Qxd5 Rd8 40. Qb3 Rd2+ 41. Kf1 Kh7 42. Re1 Qa8 43. Re3 1-0

[Event "Titled Tuesday intern op 02nd Apr Early"]
[Site "Chess.com INT"]
[Date "2024.04.02"]
[Round "7"]
[White "Jakubowski, Krzysztof"]
[Black "Garrido Dominguez, Jesus"]
[Result "1-0"]
[WhiteElo "2462"]
[BlackElo "2396"]
[PlyCount "125"]
[EventDate "2024.04.02"]
[EventType "swiss (blitz)"]
[EventRounds "11"]
[EventCountry "USA"]
[SourceTitle "CB15_2024"]
[SourceDate "2024.04.10"]
[SourceVersion "1"]
[SourceVersionDate "2024.04.10"]
[SourceQuality "1"]

1. c4 d6 2. Nc3 Nf6 3. e4 e5 4. Nge2 c5 5. d3 Nc6 6. h3 Be7 7. g4 Nd4 8. Bg2 h5 9. g5 Nh7 10. h4 Nf8 11. Nxd4 cxd4 12. Nd5 g6 13. 0-0 Ne6 14. f4 exf4 15. Bxf4 Nxf4 16. Nxf4 0-0 17. Qf3 Be6 18. Bh3 Qd7 19. Kg2 Rac8 20. Rf2 Bxh3+ 21. Qxh3 Qxh3+ 22. Kxh3 Bd8 23. Raf1 Be7 24. a4 Rce8 25. Nd5 Bd8 26. b4 Re6 27. a5 a6 28. Nf4 Ree8 29. Ne2 f6 30. Nxd4 fxg5 31. Rxf8+ Rxf8 32. Rxf8+ Kxf8 33. Ne6+ Ke8 34. hxg5 Kd7 35. Nxd8 Kxd8 36. d4 Kd7 37. Kg3 Kc6 38. Kf4 Kd7 39. b5 Ke6 40. b6 Kd7 41. d5 Ke7 42. e5 Kd7 43. Ke4 Ke7 44. e6 Kd8 45. c5 dxc5 46. d6 c4 47. e7+ Kd7 48. Ke5 c3 49. Kf6 c2 50. Kf7 c1Q 51. e8Q+ Kxd6 52. Qe7+ Kd5 53. Qxb7+ Kd4 54. Qd7+ Ke5 55. Qe7+ Kd5 56. Qe6+ Kd4 57. Qxg6 Qc4+ 58. Qe6 Qf1+ 59. Qf6+ Qxf6+ 60. gxf6 h4 61. b7 h3 62. b8Q h2 63. Qxh2 1-0

[Event "Titled Tuesday intern op 13th Feb Early"]
[Site "Chess.com INT"]
[Date "2024.02.13"]
[Round "7"]
[White "Seder, Mohamad"]
[Black "Jakubowski, Krzysztof"]
[Result "0-1"]
[WhiteElo "2077"]
[BlackElo "2467"]
[PlyCount "64"]
[EventDate "2024.02.13"]
[EventType "swiss (blitz)"]
[EventRounds "11"]
[EventCountry "USA"]
[SourceTitle "CB08_2024"]
[SourceDate "2024.02.21"]
[SourceVersion "1"]
[SourceVersionDate "2024.02.21"]
[SourceQuality "1"]

1. Nf3 Nf6 2. g3 d5 3. Bg2 c6 4. 0-0 Bf5 5. d4 e6 6. Bf4 Nbd7 7. Nbd2 Be7 8. Re1 0-0 9. Ne5 h6 10. c3 a5 11. a4 Bh7 12. Qb3 Qb6 13. Nxd7 Nxd7 14. Qxb6 Nxb6 15. e4 Rfc8 16. b3 Kf8 17. Rac1 c5 18. dxc5 Bxc5 19. c4 Ba3 20. Ra1 Bb4 21. exd5 exd5 22. cxd5 Nd7 23. Nc4 Bxe1 24. Rxe1 Re8 25. Rd1 Bc2 26. Rc1 Bxb3 27. Nd6 Re2 28. Nxb7 Bxa4 29. d6 Rae8 30. Bh1 Re1+ 31. Kg2 Rxc1 32. Bxc1 Bc6+ 0-1

[Event "Titled Tuesday intern op 23rd Jan Late"]
[Site "Chess.com INT"]
[Date "2024.01.23"]
[Round "3"]
[White "Jakubowski, Krzysztof"]
[Black "Jovic, Stanoje"]
[Result "1-0"]
[WhiteElo "2467"]
[BlackElo "2097"]
[PlyCount "151"]
[EventDate "2024.01.23"]
[EventType "swiss (blitz)"]
[EventRounds "11"]
[EventCountry "USA"]
[SourceTitle "CB05_2024"]
[SourceDate "2024.01.31"]
[SourceVersion "1"]
[SourceVersionDate "2024.01.31"]
[SourceQuality "1"]

1. e4 c6 2. d4 d5 3. exd5 cxd5 4. Bd3 Nc6 5. c3 e5 6. dxe5 Nxe5 7. Bf4 Bd6 8. Bxe5 Bxe5 9. Qe2 Qe7 10. Bb5+ Kf8 11. Nd2 Bf5 12. Ngf3 Bd6 13. Nd4 Qxe2+ 14. Bxe2 Be6 15. 0-0-0 Nf6 16. Bf3 Ke7 17. Rhe1 Kd7 18. g3 Rhc8 19. N2b3 Rab8 20. Bg2 b5 21. Nxe6 fxe6 22. Bh3 Re8 23. Nd4 Ne4 24. Re2 g6 25. Nxe6 Kc6 26. Nd4+ Kc7 27. Rde1 Nf6 28. Rxe8 Nxe8 29. Nxb5+ Rxb5 30. Rxe8 Rb8 31. Re6 Rf8 32. f4 Bc5 33. Kc2 Bg1 34. Re2 d4 35. cxd4 Bxd4 36. Re7+ Kb6 37. Rxh7 Re8 38. Bg4 Re1 39. Rh6 Rg1 40. Rxg6+ Kc5 41. Rg5+ Kb6 42. Bf3 Rf1 43. Be2 Rf2 44. Kd2 Rxh2 45. b4 Rg2 46. Rg6+ Kc7 47. a4 Bf2 48. Rg7+ Kd6 49. g4 Rg3 50. Rg6+ Kd5 51. Rf6 Be3+ 52. Kc2 Kd4 53. Rd6+ Ke4 54. Bd3+ Kxf4 55. Kc3 Rg1 56. Kc4 Rc1+ 57. Kb5 Kxg4 58. Be4 Kf4 59. Bc6 Ke5 60. Rg6 Kf5 61. Rg8 Bf4 62. Rf8+ Ke5 63. Rd8 Be3 64. Rd5+ Ke6 65. Rd3 Bg1 66. Bb7 Ke7 67. Ka6 Ke6 68. b5 Ke7 69. a5 Ke6 70. Bc6 Ke7 71. Rd7+ Ke6 72. Rxa7 Bxa7 73. Kxa7 Kd6 74. Kb7 Rg1 75. a6 Rg7+ 76. Kb6 1-0

[Event "Titled Tuesday intern op 09th Jan Early"]
[Site "Chess.com INT"]
[Date "2024.01.09"]
[Round "2"]
[White "Jakubowski, Krzysztof"]
[Black "Martinez Alcantara, Jose Eduardo"]
[Result "1/2-1/2"]
[WhiteElo "2467"]
[BlackElo "2610"]
[PlyCount "222"]
[EventDate "2024.01.09"]
[EventType "swiss (blitz)"]
[EventRounds "11"]
[EventCountry "USA"]
[SourceTitle "CB03_2024"]
[SourceDate "2024.01.17"]
[SourceVersion "1"]
[SourceVersionDate "2024.01.17"]
[SourceQuality "1"]

1. e4 c5 2. Nf3 d6 3. d4 cxd4 4. Nxd4 a6 5. Nc3 e6 6. Be3 b5 7. Bd3 Bb7 8. 0-0 Nd7 9. a3 Ngf6 10. f4 Be7 11. Qf3 0-0 12. Rae1 Rc8 13. g4 Nc5 14. g5 Nfd7 15. h4 Re8 16. f5 Ne5 17. Qd1 Bf8 18. f6 Ncxd3 19. cxd3 d5 20. Rf2 dxe4 21. dxe4 Nc4 22. fxg7 Bxg7 23. Qf3 Bxd4 24. Qxf7+ Kh8 25. Bxd4+ Qxd4 26. Rd1 Qg7 27. Rd7 Rg8 28. Rxb7 Ne5 29. Qxg7+ Rxg7 30. Rb6 Ng6 31. Rh2 Ne5 32. Kg2 Rc6 33. Rxc6 Nxc6 34. Kf3 Ne5+ 35. Kf4 Nc4 36. e5 Rf7+ 37. Ke4 Rf5 38. Kd4 Nxe5 39. Rh3 Nc6+ 40. Ke4 Re5+ 41. Kd3 Re1 42. Kd2 Rg1 43. Ne4 Rg2+ 44. Kc3 a5 45. Rf3 Rg4 46. Nc5 b4+ 47. axb4 axb4+ 48. Kd2 Nd4 49. Rf7 Rxh4 50. Rd7 Nf3+ 51. Ke2 Nxg5 52. Rb7 Rf4 53. Ke3 Rf5 54. Nd7 Rf7 55. Rb8+ Kg7 56. Ne5 Rf5 57. Rb7+ Kh6 58. Ng4+ Kh5 59. Nf2 Kg6 60. Rxb4 h5 61. Rb8 Re5+ 62. Kf4 Rf5+ 63. Ke3 h4 64. Nd3 h3 65. Rh8 Kg7 66. Rh4 Rb5 67. b4 Kg6 68. Nf4+ Kf5 69. Nxh3 Nxh3 70. Rxh3 Rxb4 71. Rh5+ Kf6 72. Rh6+ Ke7 73. Rh8 Kd6 74. Ra8 Rb6 75. Ra5 Rc6 76. Rb5 Ke7 77. Ra5 Rd6 78. Rb5 Kf6 79. Ra5 Rd8 80. Rb5 Ra8 81. Rc5 Ra3+ 82. Ke4 Ra4+ 83. Ke3 Ra1 84. Ke4 Ra4+ 85. Ke3 e5 86. Rc8 Ke7 87. Rc6 Kd7 88. Rh6 Rb4 89. Rg6 Rd4 90. Rh6 Ke7 91. Rg6 Ra4 92. Rh6 Kf7 93. Rb6 Rf4 94. Rc6 Rf6 95. Rxf6+ Kxf6 96. Ke4 Ke6 97. Ke3 Kd6 98. Ke4 Ke6 99. Ke3 Kd5 100. Kd3 e4+ 101. Ke3 Ke5 102. Ke2 Kf5 103. Ke3 Ke5 104. Ke2 Kd4 105. Kd2 e3+ 106. Ke2 Ke4 107. Ke1 Kd3 108. Kd1 Kd4 109. Ke2 Ke4 110. Ke1 Kf4 111. Ke2 Ke4 1/2-1/2

[Event "Titled Tuesday intern op 19th Dec Early"]
[Site "Chess.com INT"]
[Date "2023.12.19"]
[Round "9"]
[White "Livaic, Leon"]
[Black "Jakubowski, Krzysztof"]
[Result "0-1"]
[WhiteElo "2543"]
[BlackElo "2471"]
[PlyCount "128"]
[EventDate "2023.12.19"]
[EventType "swiss (blitz)"]
[EventRounds "11"]
[EventCountry "USA"]
[SourceTitle "CB52_2023"]
[SourceDate "2023.12.27"]
[SourceVersion "1"]
[SourceVersionDate "2023.12.27"]
[SourceQuality "1"]

1. d4 Nf6 2. c4 e6 3. Nf3 b6 4. Bf4 Bb7 5. e3 Bb4+ 6. Nfd2 0-0 7. a3 Bxd2+ 8. Qxd2 d5 9. cxd5 Nxd5 10. Bg3 Nd7 11. Nc3 c5 12. Bd6 Re8 13. dxc5 Nxc5 14. Bxc5 bxc5 15. Bb5 Re7 16. 0-0 Qb6 17. Be2 Rd8 18. Qc2 Nxc3 19. Qxc3 Red7 20. Rfd1 Qc6 21. f3 h5 22. h4 Ba6 23. Rxd7 Rxd7 24. Bxa6 Qxa6 25. Qxc5 Rd5 26. Qc2 Qd6 27. Rc1 Rd2 28. Qe4 g6 29. b4 Qg3 30. f4 Qf2+ 31. Kh1 Qxh4+ 32. Kg1 Qf2+ 33. Kh1 h4 34. Qf3 Qxf3 35. gxf3 Rd3 36. a4 Rb3 37. b5 Rb4 38. Ra1 Kg7 39. Kg2 Kf6 40. Kh3 g5 41. fxg5+ Kxg5 42. Rg1+ Kf5 43. Rg4 Rb3 44. Re4 e5 45. Kxh4 Ke6 46. f4 f6 47. Kg3 Kd5 48. Kf3 Ra3 49. f5 Ra1 50. Rh4 Rf1+ 51. Ke2 Ra1 52. Kd3 e4+ 53. Kd2 Rxa4 54. Rh7 Ra5 55. Rb7 Ke5 56. Kc3 Kxf5 57. Kd4 Ra4+ 58. Kd5 Kg4 59. Ke6 Kf3 60. Kxf6 Kxe3 61. Ke5 Ke2 62. b6 axb6 63. Rxb6 e3 64. Rb4 Rxb4 0-1

[Event "Katowice POL-HUN 10th"]
[Site "Katowice"]
[Date "2023.09.10"]
[Round "7"]
[White "Krawczyk, Flawian"]
[Black "Jakubowski, Krzysztof"]
[Result "1/2-1/2"]
[WhiteElo "2288"]
[BlackElo "2469"]
[PlyCount "89"]
[EventDate "2023.09.09"]
[EventType "swiss (rapid)"]
[EventRounds "9"]
[EventCountry "POL"]
[SourceTitle "EXT 2024"]
[Source "ChessBase"]
[SourceDate "2023.10.10"]
[SourceVersion "1"]
[SourceVersionDate "2023.10.10"]
[SourceQuality "1"]

1. Nf3 Nf6 2. g3 d5 3. d4 c6 4. Bg2 Bf5 5. 0-0 e6 6. c4 Nbd7 7. b3 Be7 8. Nbd2 h6 9. Bb2 0-0 10. Ne5 a5 11. Nxd7 Qxd7 12. Nf3 b5 13. Ne5 Qb7 14. c5 b4 15. f3 Ra7 16. a4 bxa3 17. Rxa3 Rfa8 18. Bc3 Bd8 19. Qd2 Bc7 20. Rfa1 Bxe5 21. dxe5 Nd7 22. Bd4 Qb8 23. Qc3 Rb7 24. Rxa5 Rxa5 25. Qxa5 Nxe5 26. Qa8 Nd7 27. e4 e5 28. Bc3 dxe4 29. fxe4 Be6 30. b4 f6 31. Qxb8+ Nxb8 32. Bf1 Kf7 33. Kf2 Ke7 34. Ke3 Kd8 35. Be2 Ke7 36. g4 g5 37. h4 gxh4 38. Rh1 Ra7 39. Rxh4 Ra3 40. Kd2 Ra2+ 41. Ke1 Ra3 42. Bd2 Ra1+ 43. Kf2 Ra2 44. Ke1 Ra1+ 45. Kf2 1/2-1/2

[Event "Titled Tuesday intern op 05th Sep Early"]
[Site "Chess.com INT"]
[Date "2023.09.05"]
[Round "6"]
[White "Jakubowski, Krzysztof"]
[Black "Boros, Denes"]
[Result "0-1"]
[WhiteElo "2469"]
[BlackElo "2399"]
[PlyCount "76"]
[EventDate "2023.09.05"]
[EventType "swiss (blitz)"]
[EventRounds "11"]
[EventCountry "USA"]
[SourceTitle "EXT 2024"]
[Source "ChessBase"]
[SourceDate "2023.10.10"]
[SourceVersion "1"]
[SourceVersionDate "2023.10.10"]
[SourceQuality "1"]

1. e4 g6 2. d4 d5 3. exd5 Qxd5 4. c4 Qd8 5. h3 Bg7 6. Nf3 Nh6 7. Na3 Nf5 8. Nc2 0-0 9. Be2 c5 10. d5 e6 11. 0-0 exd5 12. cxd5 Nd4 13. Nfxd4 cxd4 14. Bf3 Qb6 15. a4 Na6 16. a5 Qc5 17. b4 Qc4 18. Bb2 Bf5 19. Nxd4 Bd3 20. Rc1 Qxb4 21. Bc3 Qc4 22. Ba1 Bxf1 23. Rxc4 Bxc4 24. Nf5 Bxa1 25. Ne7+ Kg7 26. Qxa1+ f6 27. Qd4 Bb5 28. d6 Rad8 29. Bxb7 Rd7 30. Qxa7 Rb8 31. Qd4 Rdxb7 32. Qd5 Nb4 33. Qe6 Bd7 34. Qe4 Ra7 35. g4 Rxa5 36. Qc4 Ra7 37. Qd4 Ra5 38. h4 g5 0-1